00605nam a2200181Ia 4500001001000000003000500010008004100015010001100056040000900067082002000076100001900096245009000115300000900205440001600214500009500230650006800325710003000393Para_8334CHAP220125s9999 xx 000 0 und d a207196 cCHAP aPA-C 595.752 A6 aDavis, John J. aA new aphid on the Virginia creeper :b (Aphis folsomii n. sp.) /c by John J. Davis a4 p. aAphidae; 12 aSobretiro de: Ent. News 19 (4): 143-146 p. 1908. Encuadernado con otros impresos similares ax Afididos x Colecciones de escritos x Afididos x Virginia aEntomological News 19 (4)